000 00343 a2200169 4500
001 189087
020 _a978-85-249-1691-5
040 _cMagnum
100 _aPonty, Eric
240 1 0 _aA baleia-azul
_lpor
245 1 0 _aA baleia-azul
300 _a16
362 0 _a2011
440 1 _aCortez
697 _aLITERATURA INFANTO
942 _cBK
999 _c189087
_d189087